000 00395nam a2200145Ia 4500
008 240729s9999 xx 000 0 und d
022 _a2414-9985
245 0 _aInternational Journal of Medicine and Medical Research
260 _aUkraine
260 _bUkrmedknyha
650 _aMedicine
856 _uhttps://doaj.org/toc/33395246ea1849308a62b9acd3a187c4
942 _2ddc
942 _cDOAJEJ
999 _c68686
_d68686
945 _a1
_bMadushi Gamage
_c1
_dMadushi Gamage